[Event "Rewal 2011 - Open A"]
[Site "Rewal"]
[Date "2011.08.20"]
[Round "2.33"]
[White "Rychlik, Hanna"]
[Black "Koitka, Jakub"]
[Result "0-1"]
[WhiteElo "2081"]
[BlackElo "1917"]
[EventDate "2011.??.??"]
[PlyCount "154"]

1.d4 Nf6 2.c4 g6 3.Nc3 Bg7 4.e4 d6 5.h3 O-O 6.Be3 c5 7.Nf3 Qa5 8.Bd3 Nbd7 
9.O-O a6 10.a4 cxd4 11.Nxd4 Nc5 12.Bc2 Ne6 13.Nb3 Qc7 14.Qe2 Bd7 15.a5 Bc6
16.Bb6 Qc8 17.Rac1 Nf4 18.Qf3 e5 19.Rfd1 Qe6 20.Nd2 Nd7 21.b4 Nxb6 22.axb6
Qe7 23.Bb3 Ne6 24.Ne2 Kh8 25.Qd3 Bh6 26.Rc2 f5 27.f3 Rad8 28.Rb2 Qh4 29.
Bc2 Bxd2 30.Rxd2 fxe4 31.fxe4 Qe1+ 32.Kh2 Bxe4 33.Qxe4 Qxd2 34.Qh4 Qg5 35.
Qxg5 Nxg5 36.h4 Ne6 37.Be4 Rd7 38.Rd2 Rfd8 39.g3 Kg7 40.Bd5 Kf6 41.Rd3 Ke7
42.Kg2 Rf8 43.Re3 Ng7 44.Nc1 Nf5 45.Re1 Nd4 46.Nd3 Kd8 47.Re3 Kc8 48.Re1 
Kd8 49.Re3 Ke7 50.Re1 Nf5 51.Nc1 Ng7 52.Nb3 Kd8 53.Na5 Kc8 54.Re2 Rf6 55.
Rc2 Nf5 56.Rc3 Ne7 57.Be4 h6 58.Rd3 g5 59.h5 Kb8 60.Nb3 d5 61.Nc5 Rd8 62.
Na4 Rfd6 63.c5 Rf6 64.Rd2 Nc6 65.Rxd5 Rxd5 66.Bxd5 Nxb4 67.Be4 a5 68.Nb2 
Na6 69.Nd3 a4 70.Bd5 a3 71.Nxe5 Nxc5 72.Bc4 Kc8 73.Ng4 Rxb6 74.Kh3 Nb3 75.
Nxh6 a2 76.Nf7 a1=Q 77.Nxg5 Qf6 0-1

[Event "Rewal 2011 - Open A"]
[Site "Rewal"]
[Date "2011.08.20"]
[Round "2.34"]
[White "Mlodzinska, Irena"]
[Black "Siedlinski, Piotr"]
[Result "1/2-1/2"]
[WhiteElo "1926"]
[BlackElo "2078"]
[EventDate "2011.??.??"]
[PlyCount "74"]

1.e4 c5 2.Nf3 e6 3.Nc3 Nc6 4.g3 d5 5.exd5 exd5 6.d4 Nf6 7.Bg2 c4 8.O-O Be7
9.h3 O-O 10.Ne2 Ne4 11.Ne5 f5 12.Kh2 Be6 13.Nf4 Qd6 14.Nxc4 dxc4 15.Nxe6 
Qxe6 16.d5 Qf6 17.dxc6 Qxc6 18.Qe2 Bf6 19.c3 Rfe8 20.Qf3 g6 21.Be3 Qb5 22.
Rab1 Rad8 23.Rfd1 b6 24.Qe2 Qc6 25.Qc2 Rxd1 26.Rxd1 Qe6 27.Qa4 Re7 28.Bf1 
Rc7 29.Bf4 Rc8 30.f3 Ng5 31.Bxg5 Bxg5 32.Rd4 Qe3 33.Bxc4+ Kg7 34.Qd7+ Kh6 
35.Qxc8 Qf2+ 36.Kh1 Qxf3+ 37.Kh2 Qf2+ 1/2-1/2

[Event "Rewal 2011 - Open A"]
[Site "Rewal"]
[Date "2011.08.20"]
[Round "2.35"]
[White "Bes, Michal"]
[Black "Szczukiewicz, Andrzej"]
[Result "0-1"]
[WhiteElo "1906"]
[BlackElo "2070"]
[EventDate "2011.??.??"]
[PlyCount "86"]

1.e4 e5 2.d4 exd4 3.Qxd4 Nc6 4.Qe3 Nf6 5.e5 Nd5 6.Qe4 Nb6 7.Nf3 Qe7 8.Nc3 
Qb4 9.Bd3 d5 10.exd6+ Qxe4+ 11.Bxe4 Bxd6 12.Nb5 O-O 13.Nxd6 cxd6 14.O-O d5
15.Bd3 Bg4 16.Ng5 h6 17.h3 Bh5 18.g4 hxg5 19.gxh5 Ne5 20.Be2 Rac8 21.c3 f6
22.f4 gxf4 23.Bxf4 Nbc4 24.Kh2 Nxb2 25.Rab1 Na4 26.Rxb7 Nxc3 27.Bg4 Rb8 
28.Be6+ Kh8 29.Rxa7 Rb2+ 30.Kh1 Re8 31.Bxe5 fxe5 32.Rff7 Rxe6 33.Rxg7 Rf6 
34.Rh7+ Kg8 35.Rhg7+ Kf8 36.h6 Rf1+ 37.Rg1 Rxg1+ 38.Kxg1 Kg8 39.a4 d4 40.
a5 d3 41.a6 d2 42.Rg7+ Kh8 43.a7 d1=Q# 0-1

[Event "Rewal 2011 - Open A"]
[Site "Rewal"]
[Date "2011.08.20"]
[Round "2.36"]
[White "Korosciel, Aneta"]
[Black "Paszewski, Mateusz"]
[Result "0-1"]
[WhiteElo "2066"]
[BlackElo "1905"]
[EventDate "2011.??.??"]
[PlyCount "98"]

1.e4 c5 2.Nf3 g6 3.d4 cxd4 4.Nxd4 Bg7 5.Nc3 Nc6 6.Be3 d6 7.Be2 Nf6 8.O-O 
O-O 9.Nb3 Be6 10.f4 Rc8 11.Bf3 Bc4 12.Rf2 b5 13.Rd2 b4 14.Nd5 Nd7 15.Nd4 
Bxd5 16.exd5 Nxd4 17.Bxd4 Bxd4+ 18.Rxd4 Qb6 19.Kh1 Rxc2 20.Qxc2 Qxd4 21.g3
Nc5 22.Re1 Re8 23.Kg2 Qd3 24.Qc1 Qa6 25.Qb1 Qb7 26.Re2 Qd7 27.Qe1 a5 28.h3
e5 29.Re3 f6 30.Qe2 Kf7 31.fxe5 Rxe5 32.Bg4 Qe7 33.Rxe5 Qxe5 34.Be6+ Nxe6 
35.dxe6+ Qxe6 36.Qb5 Qe5 37.Qd7+ Kg8 38.Qd8+ Kg7 39.Qc7+ Kh6 40.Qc1+ g5 
41.Qd2 d5 42.h4 Qe4+ 43.Kg1 d4 44.hxg5+ fxg5 45.Qd1 Qe3+ 46.Kg2 d3 47.Qa4 
Qe2+ 48.Kg1 d2 49.Qc6+ Kh5 0-1

[Event "Rewal 2011 - Open A"]
[Site "Rewal"]
[Date "2011.08.20"]
[Round "2.37"]
[White "Boruta, Dawid"]
[Black "Falkowski, Dawid"]
[Result "0-1"]
[WhiteElo "1874"]
[BlackElo "2059"]
[EventDate "2011.??.??"]
[PlyCount "113"]

1.f4 d5 2.Nf3 c5 3.g3 Nc6 4.Bg2 Nf6 5.O-O Bf5 6.d3 e6 7.c3 h6 8.Qe1 Be7 9.
Nbd2 O-O 10.h3 h5 11.Ng5 d4 12.Ndf3 Nh7 13.Nh4 Bf6 14.Nxf5 exf5 15.Nxh7 
Kxh7 16.c4 Re8 17.Bf3 g6 18.Bd2 Qd7 19.a3 Rab8 20.b4 b6 21.b5 Nd8 22.a4 
Qc7 23.a5 Nb7 24.axb6 axb6 25.Qf2 Nd6 26.Ra6 Kg7 27.Qg2 Re7 28.Rfa1 Rbe8 
29.R1a2 Rb8 30.Qf1 Nc8 31.Kf2 Nd6 32.Qa1 Nc8 33.R2a3 Kf8 34.Kg2 Kg7 35.Ra2
Re8 36.Ra8 Re7 37.Rxb8 Qxb8 38.Ra8 Qc7 39.Qa6 Nd6 40.Ba5 bxa5 41.b6 Qd7 
42.Qxa5 Re3 43.Qxc5 Qe7 44.Ra2 h4 45.g4 fxg4 46.hxg4 Rxf3 47.exf3 Qe1 48.
Qa3 Qg3+ 49.Kf1 Qxf3+ 50.Ke1 Qxf4 51.Rf2 Qe3+ 52.Kf1 Nxc4 53.Qb3 Nxb6 54.
Qxb6 Qxd3+ 55.Ke1 Bg5 56.Re2 Qg3+ 57.Kf1 0-1

[Event "Rewal 2011 - Open A"]
[Site "Rewal"]
[Date "2011.08.20"]
[Round "2.38"]
[White "Spicak, Krzysztof"]
[Black "Smolka, Marcin"]
[Result "0-1"]
[WhiteElo "2054"]
[BlackElo "1862"]
[EventDate "2011.??.??"]
[PlyCount "48"]

1.e4 e5 2.Bc4 Nf6 3.Nc3 c6 4.d3 d5 5.exd5 cxd5 6.Bb5+ Bd7 7.Bxd7+ Nbxd7 8.
Nf3 Qb6 9.O-O Bd6 10.a4 Rc8 11.Qe2 O-O 12.Nb5 Bb8 13.c3 a6 14.Na3 Qd6 15.
g3 Nc5 16.Qd1 Qd7 17.a5 Qh3 18.Ng5 Qf5 19.d4 exd4 20.cxd4 Nce4 21.Qf3 Qd7 
22.Kg2 Rxc1 23.Raxc1 Nxg5 24.Qe2 Re8 0-1

[Event "Rewal 2011 - Open A"]
[Site "Rewal"]
[Date "2011.08.20"]
[Round "2.40"]
[White "Matuszczyk, Przemyslaw"]
[Black "Duszenko, Michal"]
[Result "1-0"]
[WhiteElo "2032"]
[BlackElo "1840"]
[EventDate "2011.??.??"]
[PlyCount "129"]

1.e4 e5 2.Nf3 Nc6 3.d4 exd4 4.Nxd4 Nf6 5.Nc3 Bb4 6.Nxc6 bxc6 7.Bd3 d5 8.
exd5 cxd5 9.O-O O-O 10.Bg5 c6 11.Na4 Qd6 12.c4 Ng4 13.g3 dxc4 14.Be2 Qe6 
15.Rc1 Ne5 16.a3 Ba5 17.Qc2 Qh3 18.Qe4 Re8 19.Qg2 Qf5 20.Bf4 Nd3 21.Bxd3 
cxd3 22.Rc5 Qg6 23.Rxa5 Bg4 24.Nc3 Rad8 25.f3 Be6 26.Qd2 Bb3 27.Ne4 h6 28.
Rc5 Bd5 29.Nc3 Bb3 30.Re1 Rxe1+ 31.Qxe1 d2 32.Bxd2 Qc2 33.Ne4 Qxb2 34.Qc1 
Qd4+ 35.Be3 Qa4 36.Qb2 Rd3 37.Kf2 Qa6 38.Rc1 Rd1 39.Rxd1 Bxd1 40.Qd2 Bb3 
41.Nc5 Qxa3 42.Nxb3 Qxb3 43.Bxa7 Qb5 44.Qd4 Qb7 45.Bc5 Qb5 46.f4 Qa6 47.
Ke3 Qa2 48.Qd2 Qb3+ 49.Kf2 Qc4 50.Be3 Qe4 51.g4 f5 52.h3 fxg4 53.hxg4 Qh1 
54.Kg3 h5 55.Qd8+ Kh7 56.gxh5 Qxh5 57.Qh4 Qxh4+ 58.Kxh4 Kg6 59.Kg4 Kf7 60.
Kf5 g6+ 61.Kg5 Kg7 62.Bd4+ Kf7 63.Bc3 c5 64.Bb2 c4 65.Bc3 1-0

[Event "Rewal 2011 - Open A"]
[Site "Rewal"]
[Date "2011.08.20"]
[Round "2.41"]
[White "Gabrys, Sebastian"]
[Black "Puczylowski, Marcin"]
[Result "0-1"]
[WhiteElo "1805"]
[BlackElo "2011"]
[EventDate "2011.??.??"]
[PlyCount "66"]

1.e4 c5 2.Nf3 Nc6 3.d4 cxd4 4.Nxd4 e5 5.Nb3 Nf6 6.Nc3 d6 7.Bg5 Be7 8.Bxf6 
Bxf6 9.Nd5 Bg5 10.Bc4 O-O 11.h4 Bh6 12.g4 Bf4 13.Nc1 Bxc1 14.Rxc1 Be6 15.
c3 a6 16.g5 b5 17.Bb3 Ne7 18.Ne3 Qd7 19.h5 Rad8 20.g6 fxg6 21.hxg6 hxg6 
22.Ke2 Rf4 23.Qg1 Bxb3 24.axb3 Rxe4 25.Qg5 Kf7 26.Rcg1 Qe6 27.f3 Rf4 28.
Rh7 Qf6 29.Qh6 Nf5 30.Qh3 Nxe3 31.Kxe3 d5 32.Qg3 d4+ 33.cxd4 Rfxd4 0-1

[Event "Rewal 2011 - Open A"]
[Site "Rewal"]
[Date "2011.08.22"]
[Round "3.1"]
[White "Ziaziulkina, Nastassia"]
[Black "Cyborowski, Lukasz"]
[Result "0-1"]
[WhiteElo "2291"]
[BlackElo "2537"]
[EventDate "2011.??.??"]
[PlyCount "90"]

1.e4 c6 2.d4 d5 3.Nc3 a6 4.Nf3 Bg4 5.Be3 e6 6.Bd3 Nf6 7.O-O Bb4 8.e5 Nfd7 
9.h3 Bh5 10.g4 Bg6 11.Ne2 c5 12.c3 cxd4 13.cxd4 Nc6 14.Nf4 Bxd3 15.Qxd3 
Be7 16.Nh5 g6 17.Ng3 Qb6 18.Nd2 Qb5 19.Qc2 Rc8 20.f4 O-O 21.Rac1 Nb6 22.
Qb1 Nb4 23.Rc3 Bh4 24.Kh2 Qa4 25.Ne2 Nxa2 26.Ra3 Qb5 27.Ng1 Nb4 28.g5 Nc2 
29.Rb3 Qa4 30.Ngf3 Nc4 31.Bg1 Nxd2 32.Nxd2 Nxd4 33.Rxb7 Nf5 34.Rb3 Rb8 35.
Rd3 Rfc8 36.b3 Qc6 37.Qa2 Qc2 38.Qxc2 Rxc2 39.Kg2 Rbc8 40.Ra1 R8c3 41.Rxc3
Rxc3 42.Ra2 Bg3 43.Bh2 Nh4+ 44.Kg1 Rc1+ 45.Nf1 Bxh2+ 0-1

[Event "Rewal 2011 - Open A"]
[Site "Rewal"]
[Date "2011.08.22"]
[Round "3.2"]
[White "Koziak, Vitali"]
[Black "Wandzik, Wojciech"]
[Result "1-0"]
[WhiteElo "2484"]
[BlackElo "2239"]
[EventDate "2011.??.??"]
[PlyCount "83"]

1.Nf3 f5 2.d3 d6 3.e4 e5 4.g3 Nf6 5.Bg2 Nc6 6.O-O Be7 7.Nh4 fxe4 8.dxe4 
O-O 9.Nc3 Be6 10.Nd5 Qd7 11.Qd3 Kh8 12.Bd2 Rf7 13.Rae1 Raf8 14.Nxe7 Qxe7 
15.Nf3 Nd7 16.Ng5 Rf6 17.Nxe6 Qxe6 18.Qd5 Qxd5 19.exd5 Nd4 20.f4 Nxc2 21.
Rc1 Nd4 22.Rxc7 Nc5 23.b4 Nd3 24.Be4 Nb2 25.Rxb7 Nc4 26.Rf2 Nxd2 27.Rxd2 
a6 28.Rb6 Nb5 29.fxe5 Rf1+ 30.Kg2 dxe5 31.d6 R1f6 32.Rxa6 g5 33.Rc6 Nd4 
34.Rc7 Rxd6 35.Rxh7+ Kg8 36.Rh5 g4 37.Rxe5 Nf5 38.Bd5+ Kh8 39.Rde2 Rdf6 
40.R5e4 Ne7 41.Be6 Nc6 42.Bxg4 1-0

[Event "Rewal 2011 - Open A"]
[Site "Rewal"]
[Date "2011.08.22"]
[Round "3.3"]
[White "Klekowski, Maciej"]
[Black "Dragun, Kamil"]
[Result "1/2-1/2"]
[WhiteElo "2248"]
[BlackElo "2428"]
[EventDate "2011.??.??"]
[PlyCount "34"]

1.e4 c5 2.Nf3 d6 3.d4 cxd4 4.Nxd4 Nf6 5.Nc3 e6 6.Bg5 Be7 7.f4 Nc6 8.Bb5 
Qc7 9.Qe2 O-O 10.Nf3 a6 11.Bxc6 bxc6 12.e5 dxe5 13.fxe5 Nd5 14.Bxe7 Qxe7 
15.Ne4 Bb7 16.O-O c5 17.Qf2 Nb4 1/2-1/2

[Event "Rewal 2011 - Open A"]
[Site "Rewal"]
[Date "2011.08.22"]
[Round "3.4"]
[White "Szymanski, Andrzej"]
[Black "Strzemiecki, Zbigniew"]
[Result "0-1"]
[WhiteElo "2214"]
[BlackElo "2420"]
[EventDate "2011.??.??"]
[PlyCount "72"]

1.d4 Nf6 2.c4 e6 3.Nc3 Bb4 4.Qc2 O-O 5.a3 Bxc3+ 6.Qxc3 Ne4 7.Qc2 f5 8.e3 
b6 9.Nh3 Bb7 10.f3 Ng5 11.Nxg5 Qxg5 12.Bd3 d6 13.Qf2 Nd7 14.Bd2 e5 15.
O-O-O e4 16.f4 Qg6 17.Be2 d5 18.Kb1 Ba6 19.g4 Bxc4 20.Bxc4 dxc4 21.gxf5 
Qxf5 22.Rhg1 Rf7 23.Qh4 Nf6 24.Rg5 Qd7 25.Rdg1 c5 26.Ka1 cxd4 27.exd4 Re8 
28.Bc3 e3 29.d5 e2 30.Qh6 Re3 31.Re5 Ng4 32.Rxg4 Rxe5 33.Rxg7+ Rxg7 34.
fxe5 Qxd5 35.Qh5 Qd1+ 36.Ka2 Qb3+ 0-1

[Event "Rewal 2011 - Open A"]
[Site "Rewal"]
[Date "2011.08.22"]
[Round "3.5"]
[White "Palosz, Andrzej"]
[Black "Ivanov, Mikhail M"]
[Result "1/2-1/2"]
[WhiteElo "2167"]
[BlackElo "2410"]
[EventDate "2011.??.??"]
[PlyCount "78"]

1.e4 e5 2.Nf3 Nc6 3.Bb5 a6 4.Ba4 Nge7 5.c3 g6 6.d4 exd4 7.cxd4 b5 8.Bb3 
Bg7 9.O-O O-O 10.Nc3 Na5 11.Bc2 d6 12.h3 Bb7 13.a4 b4 14.Ne2 c5 15.Bg5 h6 
16.Bf4 f5 17.dxc5 fxe4 18.Nfd4 dxc5 19.Ne6 Qxd1 20.Raxd1 Rf7 21.Nxc5 Rc8 
22.Nxb7 Rxc2 23.Rd8+ Kh7 24.Nxa5 Rxe2 25.Bd6 Nf5 26.Bxb4 Rxb2 27.Bc5 Rc7 
28.Rd5 Ra2 29.Bb6 Rcc2 30.g4 Nh4 31.Rd7 Rxa4 32.Nb7 Rd2 33.Re7 Rc4 34.Nc5 
Rd6 35.Ba7 Nf3+ 36.Kg2 Nd2 37.Rd1 Kg8 38.Nxa6 Bf6 39.Rb7 Rc2 1/2-1/2

[Event "Rewal 2011 - Open A"]
[Site "Rewal"]
[Date "2011.08.22"]
[Round "3.6"]
[White "Janus, Przemyslaw"]
[Black "Bebel, Arkadiusz"]
[Result "1/2-1/2"]
[WhiteElo "2134"]
[BlackElo "2309"]
[EventDate "2011.??.??"]
[PlyCount "80"]

1.d4 e6 2.c4 c5 3.d5 exd5 4.cxd5 d6 5.e4 g6 6.Nc3 Bg7 7.Bd3 Nf6 8.h3 O-O 
9.Nf3 a6 10.a4 Nbd7 11.O-O Re8 12.Bf4 Qc7 13.Nd2 Ne5 14.Bxe5 Rxe5 15.Nc4 
Re8 16.a5 Nd7 17.Na4 Rb8 18.Qc2 Ne5 19.Nab6 Qe7 20.Rae1 Nf3+ 21.Kh1 Nxe1 
22.Rxe1 Bd7 23.Nxd7 Qxd7 24.Re2 Qe7 25.g3 Qf6 26.Kg2 Rbd8 27.Qd2 Qd4 28.
Qe3 Qxe3 29.fxe3 Kf8 30.Re1 Ke7 31.Rf1 Be5 32.Rf2 Rf8 33.Rf1 h5 34.Rf2 Rh8
35.Rf1 Rh6 36.Rf2 Rh7 37.Rf1 Kd7 38.Rf2 Re8 39.Nb6+ Kc7 40.Nc4 Kd7 1/2-1/2

[Event "Rewal 2011 - Open A"]
[Site "Rewal"]
[Date "2011.08.22"]
[Round "3.7"]
[White "Westerinen, Heikki M.j"]
[Black "Mitura, Vaclav"]
[Result "1-0"]
[WhiteElo "2355"]
[BlackElo "2150"]
[EventDate "2011.??.??"]
[PlyCount "57"]

1.e4 c6 2.d4 d5 3.f3 e5 4.dxe5 Bc5 5.Bd3 Qb6 6.Ne2 dxe4 7.Bxe4 Nd7 8.f4 
Bf2+ 9.Kf1 Nc5 10.Bf3 Bf5 11.Nd4 Bxd4 12.Qxd4 Bxc2 13.Be3 Qa6+ 14.Be2 Bd3 
15.Qxc5 Bxe2+ 16.Kf2 Ne7 17.Re1 Bd3 18.Qa3 Qxa3 19.Nxa3 Nf5 20.Rad1 Ba6 
21.Nc2 Nxe3 22.Nxe3 g6 23.f5 O-O 24.Rd7 Rae8 25.Ng4 gxf5 26.Nf6+ Kg7 27.
Nxe8+ Rxe8 28.e6 Rf8 29.e7 1-0

[Event "Rewal 2011 - Open A"]
[Site "Rewal"]
[Date "2011.08.22"]
[Round "3.8"]
[White "Nguyen, Piotr"]
[Black "Sabuk, Piotr"]
[Result "1/2-1/2"]
[WhiteElo "2378"]
[BlackElo "2199"]
[EventDate "2011.??.??"]
[PlyCount "158"]

1.d4 d5 2.Nf3 Nf6 3.c4 e6 4.cxd5 exd5 5.Nc3 c6 6.Bg5 Be7 7.Qc2 g6 8.e3 Bf5
9.Bd3 Bxd3 10.Qxd3 Nbd7 11.Bh6 Ng4 12.Bf4 O-O 13.O-O Re8 14.Rab1 a5 15.
Rfc1 Ngf6 16.h3 Bf8 17.Nd2 Bg7 18.Bg5 h6 19.Bxf6 Qxf6 20.a3 a4 21.Qc2 Nb6 
22.b3 axb3 23.Rxb3 Ra6 24.Qb2 Na4 25.Nxa4 Rxa4 26.Rxb7 Bf8 27.Nb1 Rea8 28.
Rb8 Rxb8 29.Qxb8 Kg7 30.Qb3 Ra5 31.a4 Ra6 32.Nc3 Qd8 33.Ne2 Qa8 34.Qc2 Ba3
35.Ra1 Rxa4 36.Nf4 Ra6 37.Qe2 Ra7 38.g4 Bd6 39.Rxa7 Qxa7 40.Nd3 Qa1+ 41.
Kg2 Qb1 42.Qd2 Bc7 43.Nc5 Bd6 44.Nd3 Bc7 45.Qc3 Ba5 46.Qa3 Qc2 47.Qxa5 
Qxd3 48.Qc7 Qe4+ 49.Kg3 Qe6 50.Qb8 Qe7 51.Qf4 Qe6 52.Qc7 Kh7 53.Qf4 Kg7 
54.Kf3 Qe7 55.Ke2 Qh4 56.Qe5+ Kh7 57.Qc7 Qf6 58.f4 Qe6 59.Qe5 Qc8 60.Qf6 
Kg8 61.f5 Qe8 62.Kf2 gxf5 63.Qxf5 Kg7 64.Kf3 Qe7 65.Kf2 Qh4+ 66.Kg2 Qe7 
67.Kg3 Qe6 68.h4 Qg6 69.Qe5+ Kh7 70.Kf4 Kg8 71.Kf3 Qc2 72.Kg3 Qc1 73.Qe8+ 
Kg7 74.Qe5+ Kg8 75.Kf2 Qd2+ 76.Kf3 Qd1+ 77.Kg3 Qg1+ 78.Kf3 Qf1+ 79.Kg3 
Qg1+ 1/2-1/2

[Event "Rewal 2011 - Open A"]
[Site "Rewal"]
[Date "2011.08.22"]
[Round "3.9"]
[White "Kubit, Tomasz"]
[Black "Popova, Natalija"]
[Result "1/2-1/2"]
[WhiteElo "2178"]
[BlackElo "2317"]
[EventDate "2011.??.??"]
[PlyCount "93"]

1.e4 c5 2.Nf3 Nc6 3.d4 cxd4 4.Nxd4 Nf6 5.Nc3 d6 6.g3 Qb6 7.Nb3 Bg4 8.f3 
Be6 9.Qe2 Nb4 10.Qb5+ Qxb5 11.Bxb5+ Bd7 12.Bxd7+ Nxd7 13.Kd1 Rc8 14.Be3 b6
15.a3 Nc6 16.Nb5 Nde5 17.Nd2 g6 18.Nd4 Bg7 19.Nxc6 Rxc6 20.Bd4 O-O 21.c3 
f5 22.f4 Ng4 23.Bxg7 Kxg7 24.Ke2 fxe4 25.Nxe4 d5 26.Nf2 Re6+ 27.Kf3 Ne5+ 
28.Kg2 Nc4 29.Rhe1 Rxe1 30.Rxe1 Nxb2 31.Rxe7+ Rf7 32.Re8 Rd7 33.Ng4 Na4 
34.Rc8 b5 35.Ne5 Rb7 36.h4 Kf6 37.Rc6+ Ke7 38.h5 gxh5 39.f5 Nb6 40.f6+ Ke8
41.Kf3 Rb8 42.Rc7 Rc8 43.Rxh7 Rxc3+ 44.Kg2 Rc2+ 45.Kh3 Kd8 46.Rh8+ Kc7 47.
f7 1/2-1/2

[Event "Rewal 2011 - Open A"]
[Site "Rewal"]
[Date "2011.08.22"]
[Round "3.10"]
[White "Obrusnik, Michal"]
[Black "Motyl, Tomasz"]
[Result "1-0"]
[WhiteElo "2255"]
[BlackElo "2027"]
[EventDate "2011.??.??"]
[PlyCount "111"]

1.e4 g6 2.d4 d6 3.Nc3 a6 4.f4 b5 5.Nf3 Bb7 6.e5 b4 7.Na4 e6 8.Bd3 Nd7 9.
O-O c5 10.c3 bxc3 11.bxc3 Qc7 12.Rb1 Nh6 13.Ng5 Be7 14.exd6 Bxd6 15.Rxb7 
Qxb7 16.Be4 Qa7 17.Bxa8 Qxa8 18.dxc5 Be7 19.Qd4 Nf6 20.Qc4 O-O 21.Be3 Nf5 
22.Bd4 Qd5 23.Qxd5 Nxd5 24.Ne4 Rd8 25.Bf2 Nxf4 26.Rb1 Nd3 27.g4 Nxf2 28.
Kxf2 Bh4+ 29.Ke2 Ne7 30.g5 h6 31.Rb7 Nc6 32.gxh6 f5 33.Rg7+ Kh8 34.Nd6 Ne5
35.Nb6 Bg5 36.c6 Rxd6 37.c7 Rc6 38.c8=Q+ Rxc8 39.Nxc8 Bxh6 40.Re7 Ng4 41.
Rxe6 Kg7 42.h3 Nf6 43.Rxa6 Ne4 44.c4 Bg5 45.Nd6 Nc5 46.Ra5 Ne6 47.c5 Be7 
48.Nb7 Kf6 49.Kf2 g5 50.c6 Nc7 51.Ra4 Ke6 52.Rd4 Bf6 53.Nd8+ Ke5 54.Rd7 
Nb5 55.c7 Nxc7 56.Nf7+ 1-0

[Event "Rewal 2011 - Open A"]
[Site "Rewal"]
[Date "2011.08.22"]
[Round "3.11"]
[White "Guzik, Jolanta"]
[Black "Krupa, Monika"]
[Result "1-0"]
[WhiteElo "2150"]
[BlackElo "2226"]
[EventDate "2011.??.??"]
[PlyCount "95"]

1.c4 e5 2.Nc3 Nc6 3.g3 d6 4.Bg2 Be6 5.d3 Qd7 6.Rb1 g6 7.h4 h6 8.e3 Bg7 9.
Nge2 f5 10.b4 Nf6 11.Nd5 Ng4 12.b5 Nd8 13.f3 Nf6 14.Nxf6+ Bxf6 15.e4 fxe4 
16.fxe4 Bg4 17.O-O Qg7 18.Bf3 Bxf3 19.Rxf3 Ne6 20.Be3 g5 21.h5 g4 22.Rf5 
O-O 23.Nc3 Nd4 24.Bxd4 exd4 25.Ne2 Be5 26.Qf1 Qh7 27.Qf2 Rxf5 28.exf5 Rf8 
29.Rf1 Qg7 30.Qg2 Qg5 31.Qe4 b6 32.Nxd4 Bxg3 33.Ne2 Be5 34.d4 Bg7 35.Qe6+ 
Kh8 36.Kg2 Rf6 37.Qe8+ Kh7 38.Ng3 d5 39.cxd5 Qd2+ 40.Rf2 Qxd4 41.Qe4 Qd1 
42.Rf4 Qc1 43.Rxg4 Qb2+ 44.Kh3 Kh8 45.Qe7 Rd6 46.Rg6 Qe5 47.f6 Bxf6 48.
Qf8+ 1-0

[Event "Rewal 2011 - Open A"]
[Site "Rewal"]
[Date "2011.08.22"]
[Round "3.12"]
[White "Wiewiora, Eneasz"]
[Black "Sowul, Bartosz"]
[Result "0-1"]
[WhiteElo "2083"]
[BlackElo "2208"]
[EventDate "2011.??.??"]
[PlyCount "112"]

1.d4 g6 2.c4 Bg7 3.Nf3 d6 4.g3 Nf6 5.Bg2 O-O 6.O-O Nbd7 7.Nc3 e5 8.e4 exd4
9.Nxd4 Re8 10.h3 a6 11.Re1 Rb8 12.Be3 Ne5 13.b3 c5 14.Nde2 b5 15.cxb5 axb5
16.Nf4 b4 17.Ncd5 Nfd7 18.Rc1 Ba6 19.Bf1 Bxf1 20.Kxf1 Nc6 21.Qc2 Nd4 22.
Bxd4 Bxd4 23.Kg2 Ra8 24.Rcd1 Bg7 25.Ne3 Ra6 26.Nfd5 Ne5 27.Rd2 Nc6 28.Nc4 
Nd4 29.Qb1 Qb8 30.f3 Qa7 31.Rf2 Ra8 32.Ref1 Nb5 33.Qc1 Rxa2 34.Qf4 Ra6 35.
Nce3 Nc3 36.Nf6+ Kh8 37.Qh4 h6 38.Nfd5 Nxd5 39.Nxd5 Qd7 40.f4 f5 41.Ne7 
Kh7 42.exf5 gxf5 43.g4 fxg4 44.hxg4 d5 45.g5 Qxe7 46.Qh5 Qe4+ 47.Kg3 Rg6 
48.Rh2 Kg8 49.Re2 Qd3+ 50.Rf3 Qxe2 51.Qxg6 Qe1+ 52.Kg4 Ra2 53.Rg3 Rh2 54.
gxh6 Rxh6 55.Qg5 Qe6+ 56.Kf3 Qe4+ 0-1

[Event "Rewal 2011 - Open A"]
[Site "Rewal"]
[Date "2011.08.22"]
[Round "3.13"]
[White "Berlin, Tatiana"]
[Black "Szusterowski, Radoslaw"]
[Result "1/2-1/2"]
[WhiteElo "2206"]
[BlackElo "2122"]
[EventDate "2011.??.??"]
[PlyCount "113"]

1.e4 e6 2.d4 d5 3.e5 c5 4.c3 Nc6 5.Nf3 Qb6 6.a3 Nh6 7.b4 cxd4 8.cxd4 Nf5 
9.Bb2 Bd7 10.Be2 Be7 11.O-O Rc8 12.Qd3 Na5 13.Nbd2 Nc4 14.Nxc4 dxc4 15.Qc3
O-O 16.Rfc1 Bc6 17.Bxc4 Bxf3 18.Qxf3 Bg5 19.Rc3 Qxd4 20.Rc2 Qb6 21.Bd3 
Rxc2 22.Bxc2 Nd4 23.Bxd4 Qxd4 24.Rd1 Qxe5 25.Qxb7 Qb2 26.Qe4 g6 27.h4 Bxh4
28.Rb1 Qf6 29.Qe3 Rd8 30.g3 Bg5 31.Qxa7 Rd2 32.Be4 Qe5 33.Bg2 h5 34.Qc5 
Qe2 35.Rf1 Bf6 36.Qc6 Bd4 37.Qf3 Qxf3 38.Bxf3 Rd3 39.Rd1 Rxf3 40.Rxd4 Rxa3
41.b5 Rb3 42.Rd8+ Kg7 43.Rb8 Kf6 44.Kg2 Kf5 45.b6 e5 46.Rb7 f6 47.Rb8 Rb2 
48.Kf3 Kg5 49.b7 f5 50.Ke3 f4+ 51.Ke4 Rb5 52.Re8 Rb4+ 53.Kxe5 Rxb7 54.
gxf4+ Kg4 55.Rg8 Rb6 56.f5 Rb5+ 57.Ke4 1/2-1/2

[Event "Rewal 2011 - Open A"]
[Site "Rewal"]
[Date "2011.08.22"]
[Round "3.15"]
[White "Maljush, Andrej"]
[Black "Szczukiewicz, Andrzej"]
[Result "1-0"]
[WhiteElo "2316"]
[BlackElo "2070"]
[EventDate "2011.??.??"]
[PlyCount "79"]

1.e4 c5 2.Nf3 Nc6 3.Bc4 g6 4.O-O Bg7 5.c3 e5 6.b4 d6 7.d3 Nf6 8.Be3 cxb4 
9.cxb4 Bg4 10.Nc3 O-O 11.a3 Nd4 12.Bxd4 exd4 13.Nd5 Rc8 14.h3 Be6 15.Qb3 
Bxd5 16.exd5 Nh5 17.Rae1 Qd7 18.a4 Qf5 19.Re4 Nf4 20.Kh2 Rfe8 21.Rfe1 Rxe4
22.dxe4 Qh5 23.Ng1 d3 24.g3 d2 25.Rf1 Rxc4 26.Qxc4 d1=Q 27.Rxd1 Qxd1 28.
gxf4 Bd4 29.Kg2 b5 30.axb5 Bb6 31.Nf3 Qa1 32.Qc2 Qa3 33.Qd2 Qa4 34.e5 Qxb5
35.e6 f6 36.f5 Kg7 37.fxg6 hxg6 38.Qe1 a6 39.e7 Qe8 40.Qe6 1-0

[Event "Rewal 2011 - Open A"]
[Site "Rewal"]
[Date "2011.08.22"]
[Round "3.16"]
[White "Brzezinski, Mateusz"]
[Black "Pacuszka, Tomasz"]
[Result "1/2-1/2"]
[WhiteElo "2042"]
[BlackElo "2289"]
[EventDate "2011.??.??"]
[PlyCount "60"]

1.c4 e5 2.Nc3 d6 3.g3 f5 4.Bg2 Nf6 5.d3 Be7 6.Nf3 O-O 7.O-O Qe8 8.b4 c6 9.
b5 Qh5 10.c5 f4 11.cxd6 Bxd6 12.Ne4 Nxe4 13.dxe4 Rf6 14.Ba3 Bxa3 15.Qb3+ 
Be6 16.Qxa3 cxb5 17.Qc5 Nc6 18.Qxb5 Raf8 19.Rfd1 fxg3 20.hxg3 Bh3 21.Bh1 
Qh6 22.Qc4+ Kh8 23.Qc1 Qg6 24.Qe3 h6 25.Bg2 Bg4 26.Rd5 Bxf3 27.exf3 Nb4 
28.Rd2 Nc6 29.Rd5 Nb4 30.Rd2 Nc6 1/2-1/2

[Event "Rewal 2011 - Open A"]
[Site "Rewal"]
[Date "2011.08.22"]
[Round "3.17"]
[White "Nasuta, Grzegorz"]
[Black "Falkowski, Dawid"]
[Result "1-0"]
[WhiteElo "2237"]
[BlackElo "2059"]
[EventDate "2011.??.??"]
[PlyCount "31"]

1.e4 e5 2.Nf3 Nc6 3.Bb5 Bc5 4.O-O Nf6 5.Nxe5 Nxe5 6.d4 Bb6 7.dxe5 Nxe4 8.
Qg4 Nxf2 9.Rxf2 Kf8 10.Qf4 Bxf2+ 11.Qxf2 d5 12.exd6 Qxd6 13.Nc3 Be6 14.Bf4
Qe7 15.Re1 Rd8 16.Bc4 1-0

[Event "Rewal 2011 - Open A"]
[Site "Rewal"]
[Date "2011.08.22"]
[Round "3.18"]
[White "Szumilas, Piotr"]
[Black "Grygierczyk, Wojciech"]
[Result "1-0"]
[WhiteElo "2162"]
[BlackElo "2040"]
[EventDate "2011.??.??"]
[PlyCount "49"]

1.e4 c6 2.Nf3 d5 3.exd5 cxd5 4.Ne5 Nf6 5.d4 g6 6.Nd2 Bg7 7.Bd3 O-O 8.c3 
Nc6 9.f4 Qc7 10.O-O Rb8 11.Qe2 Ne8 12.Nxc6 bxc6 13.f5 c5 14.dxc5 Qxc5+ 15.
Kh1 Qc7 16.Nb3 Nd6 17.Bf4 Bb7 18.Nd4 a6 19.fxg6 hxg6 20.Ne6 fxe6 21.Qxe6+ 
Rf7 22.Bxd6 exd6 23.Bxg6 Rf8 24.Rxf7 Rxf7 25.Rf1 1-0

[Event "Rewal 2011 - Open A"]
[Site "Rewal"]
[Date "2011.08.22"]
[Round "3.19"]
[White "Kaminski, Piotr"]
[Black "Matuszczyk, Przemyslaw"]
[Result "0-1"]
[WhiteElo "2158"]
[BlackElo "2032"]
[EventDate "2011.??.??"]
[PlyCount "114"]

1.d4 d5 2.Nf3 Nf6 3.Bf4 Bg4 4.Ne5 Bf5 5.e3 e6 6.g4 Bg6 7.h4 Bb4+ 8.c3 Bd6 
9.Nd2 h5 10.Nxg6 fxg6 11.Bxd6 Qxd6 12.g5 Nfd7 13.f4 Nc6 14.Bd3 O-O-O 15.
Qc2 Ne7 16.Bxg6 e5 17.dxe5 Qxg6 18.Qxg6 Nxg6 19.Nf3 Rde8 20.Nd4 Ngf8 21.
O-O-O g6 22.b4 c6 23.a4 Ne6 24.Nxe6 Rxe6 25.a5 b6 26.axb6 Nxb6 27.Kd2 Re7 
28.Ke2 Kd7 29.Ra1 Ke6 30.Kd3 Rb8 31.Ra6 Rc7 32.Rha1 Rbb7 33.Kd4 Nc8 34.
R1a5 Rb6 35.Kc5 Rxa6 36.Rxa6 Nb6 37.Kd4 Nd7 38.Ra5 Rb7 39.Ra6 Nb8 40.Ra5 
a6 41.Ra1 Rb5 42.Ra2 c5+ 43.bxc5 Nc6+ 44.Kd3 a5 45.Kc2 Kf5 46.Ra1 Ke4 47.
Rd1 Rxc5 48.Rb1 d4 49.exd4 Nxd4+ 50.Kd2 Ne6 51.Rb6 Nxf4 52.e6 Re5 53.Ra6 
Nxe6 54.Kc2 Kf4 55.Rc6 Re4 56.Kd3 Re5 57.Rc4+ Kg3 0-1

[Event "Rewal 2011 - Open A"]
[Site "Rewal"]
[Date "2011.08.22"]
[Round "3.20"]
[White "Turlej, Lukasz"]
[Black "Kasperek, Joanna"]
[Result "1/2-1/2"]
[WhiteElo "2158"]
[BlackElo "2025"]
[EventDate "2011.??.??"]
[PlyCount "43"]

1.d4 Nf6 2.Nf3 c5 3.c3 cxd4 4.cxd4 d6 5.Nc3 g6 6.g3 Bg7 7.Bg2 O-O 8.O-O 
Nc6 9.h3 Bf5 10.Nh4 Bd7 11.Be3 Na5 12.b3 Rc8 13.Rc1 b5 14.Qd3 a6 15.Kh2 e6
16.Ne4 Bc6 17.Bg5 Bxe4 18.Bxe4 d5 19.Bg2 Qb6 20.Kg1 Rfe8 21.Rfd1 Nc6 22.
Bxf6 1/2-1/2